AUTOPSY PATHOLOGY A MANUAL AND ATLAS (Record no. 20960)

MARC details
000 -LEADER
fixed length control field 00355nam a22001577a 4500
003 - CONTROL NUMBER IDENTIFIER
control field SGT
020 ## - INTERNATIONAL STANDARD BOOK NUMBER
International Standard Book Number 9788131261170
082 ## - DEWEY DECIMAL CLASSIFICATION NUMBER
Classification number 616.07
Item number A19C
100 ## - MAIN ENTRY--PERSONAL NAME
Personal name CONNOLLY, ANDREW J.
245 ## - TITLE STATEMENT
Title AUTOPSY PATHOLOGY A MANUAL AND ATLAS
250 ## - EDITION STATEMENT
Edition statement 3RD
260 ## - PUBLICATION, DISTRIBUTION, ETC. (IMPRINT)
Place of publication, distribution, etc INDIA
Name of publisher, distributor, etc ELSEVIER PUB
Year of Publication 2019
300 ## - PAGE DESCRIPTION
No. of Pages 392
650 ## - SUBJECT ADDED ENTRY--TOPICAL TERM
Topical term or geographic name as entry element PATHOLOGY
942 ## - ADDED ENTRY ELEMENTS (KOHA)
Source of classification or shelving scheme Dewey Decimal Classification
Koha item type Books
Holdings
Withdrawn status Lost status Source of classification or shelving scheme Damaged status Not for loan Collection code Home library Current library Shelving location Date acquired Vendor Name Cost, normal purchase price SGTU Bill Number Total Checkouts Full call number Accession No. (Barcode) Date last seen Bill Date Koha item type
    Dewey Decimal Classification   Not For Loan MEDICAL SGT Medical Library SGT Medical Library Reference Book 26/03/2021 ABC DELHI 9995.00 SGTU 12725   616.07 A19C FM12225 26/03/2021 19/02/2021 Books